| 000 | 00918nas a2200277 4500 | ||
|---|---|---|---|
| 001 | BR2022000954 | ||
| 003 | BR-BrBNA | ||
| 005 | 20231205132325.0 | ||
| 007 | ta | ||
| 008 | 230509b bl.|||p| |||| 00| 00por d | ||
| 040 |
_aBR-BrBNA _bpor _cBiblioteca Nacional de Agricultura |
||
| 041 | _a(En) | ||
| 072 | _aH20; H60; T01 | ||
| 100 | 1 | _aAli, A. | |
| 100 | 1 | _aJavaid, A. | |
| 100 | 1 | _aShoaib, A. | |
| 245 | 1 | _aGC-MS analysis and antifungal activity of methanolic root extract of Chenopodium album against Sclerotium rolfsii | |
| 650 | _aSCLEROTIUM ROLFSII | ||
| 650 | _aFUNGICIDA | ||
| 650 | _aCONTROLE BIOLÓGICO | ||
| 650 | _aPRESERVAÇÃO DA NATUREZA | ||
| 773 | 0 |
_tPlanta Daninha (Brazil) _xISSN 1806-9681 _g(2017), v. 35 p. 1-8 _wBR2022000954 |
|
| 856 | 4 | 0 | _uhttps://www.scielo.br/j/pd/a/fy5xsNHvSWFrGgySP6QFKvB/?format=pdf lang=en |
| 909 |
_a202311 _bLúcia _c55 _dLúcia Elande |
||
| 942 |
_2AGRIS _n0 _cANA |
||
| 999 |
_c259700 _d259700 |
||